Human resource management / (Record no. 1988)
[ view plain ]
| 000 -LEADER | |
|---|---|
| fixed length control field | 00744cam a22002292 4500 |
| 001 - CONTROL NUMBER | |
| control field | 0000002414 |
| 005 - DATE AND TIME OF LATEST TRANSACTION | |
| control field | 20151217145728.0 |
| 008 - FIXED-LENGTH DATA ELEMENTS--GENERAL INFORMATION | |
| fixed length control field | 070410s xx 000 0 eng d |
| 020 ## - INTERNATIONAL STANDARD BOOK NUMBER | |
| International Standard Book Number | 087393217X : |
| 040 ## - CATALOGING SOURCE | |
| Original cataloging agency | KABU |
| Transcribing agency | KABU |
| 050 #0 - LIBRARY OF CONGRESS CALL NUMBER | |
| Classification number | HF5549 |
| Item number | .M44 |
| 100 1# - MAIN ENTRY--PERSONAL NAME | |
| Personal name | Megginson, Leon C. |
| -- | 0000151768 |
| 245 10 - TITLE STATEMENT | |
| Title | Human resource management / |
| Statement of responsibility, etc. | Leon C. Megginson, Geralyn McClure Franklin, M. Jane Byrd. |
| 260 ## - PUBLICATION, DISTRIBUTION, ETC. (IMPRINT) | |
| Place of publication, distribution, etc. | Houston, TX : |
| Name of publisher, distributor, etc. | Dame Publications, |
| Date of publication, distribution, etc. | c1995. |
| 300 ## - PHYSICAL DESCRIPTION | |
| Extent | v, 650 p. : |
| Other physical details | ill. ; |
| Dimensions | 29 cm. |
| 650 #0 - SUBJECT ADDED ENTRY--TOPICAL TERM | |
| Topical term or geographic name as entry element | Personnel management. |
| -- | 0000150761 |
| 700 1# - ADDED ENTRY--PERSONAL NAME | |
| Personal name | Franklin, Geralyn McClure. |
| -- | 0000151769 |
| 700 1# - ADDED ENTRY--PERSONAL NAME | |
| Personal name | Byrd, M. Jane. |
| -- | 0000151770 |
| 908 ## - PUT COMMAND PARAMETER (RLIN) | |
| Put command parameter | 070410 |
| 950 ## - LOCAL HOLDINGS (RLIN) | |
| -- | 1 |
| Withdrawn status | Lost status | Source of classification or shelving scheme | Not for loan | Home library | Current library | Date acquired | Total Checkouts | Full call number | Barcode | Date last seen | Date last checked out | Price effective from | Koha item type |
|---|---|---|---|---|---|---|---|---|---|---|---|---|---|
| Library of Congress Classification | Kabarak, Main Campus | Kabarak, Main Campus | 17/12/2015 | 1 | HF5549 .M44 | 003692 | 02/08/2024 | 20/06/2016 | 17/12/2015 | General Collection |